000
00256nam a22001217a 4500
008
170712b xxu||||| |||| 00| 0 eng d
041
_a
eng
080
_a
038
100
_a
23
101
_a
FJA
245
_a
THE WORD FINDER
_c
RODALE, J.I
942
_2
udc
_c
BK
999
_c
20333
_d
20333